LIBRARY & INFORMATION CENTRE, KCAET, TAVANUR

ONLINE PUBLIC ACCESS CATALOGUE (OPAC)

Baconum Spinozayum / (Record no. 763)

MARC details
000 -LEADER
fixed length control field 00515cam a2200193ua 4500
041 ## - LANGUAGE CODE
Language code of text/sound track or separate title mal
082 ## - DEWEY DECIMAL CLASSIFICATION NUMBER
Classification number 921
Item number DAM/BA
100 ## - MAIN ENTRY--AUTHOR NAME
Personal name Damodharan pillai, P .
245 ## - TITLE STATEMENT
Title Baconum Spinozayum /
260 ## - PUBLICATION, DISTRIBUTION, ETC. (IMPRINT)
Place of publication :
Name of publisher Messers Balan publications ,
Year of publication 1963.
300 ## - PHYSICAL DESCRIPTION
Number of Pages 149 ; .
490 0# - SERIES STATEMENT
Series statement Balan general book series,
Volume number/sequential designation 27
942 ## - ADDED ENTRY ELEMENTS (KOHA)
Koha item type Books
Holdings
Withdrawn status Lost status Damaged status Home library Current library Date acquired Full call number Accession Number Koha item type
Withdrawn     KAUAET Sanskrit University 07/04/2012 921 9483 Books
free website counter